The immortal bobby : Bobby Jones and the golden age of golf

Acclaim for The Immortal Bobby "Just when you think there is nothing new to be said or written on the subject of Bob Jones, Ron Rapoport comes along and proves that theory completely untrue. The Immortal Bobby is wonderfully reported and superbly written."

Gardado en:
Detalles Bibliográficos
Autor Principal: Rapoport, Ron
Formato: Libro
Idioma:Undetermined
Publicado: Hoboken, N.J. J. Wiley & Sons 2006
Những chủ đề:
Các nhãn: Engadir etiqueta
Sen Etiquetas, Sexa o primeiro en etiquetar este rexistro!
Thư viện lưu trữ: Trung tâm Học liệu Trường Đại học Cần Thơ
LEADER 00878nam a2200229Ia 4500
001 CTU_164365
008 210402s9999 xx 000 0 und d
020 |c 27.95 
082 |a 796.352092 
082 |b R219 
100 |a Rapoport, Ron 
245 4 |a The immortal bobby : 
245 0 |b Bobby Jones and the golden age of golf 
245 0 |c Ron Rapoport 
260 |a Hoboken, N.J. 
260 |b J. Wiley & Sons 
260 |c 2006 
520 |a Acclaim for The Immortal Bobby "Just when you think there is nothing new to be said or written on the subject of Bob Jones, Ron Rapoport comes along and proves that theory completely untrue. The Immortal Bobby is wonderfully reported and superbly written." 
650 |a Golfers,Người chơi gôn 
650 |z United States,Hoa kỳ 
904 |i Thoa, Hải 
980 |a Trung tâm Học liệu Trường Đại học Cần Thơ